[Event "EU-chT Seniors 05th"]
[Site "Dresden"]
[Date "2003.03.01"]
[Round "7.4"]
[White "Gradl, Rudolf"]
[Black "Zanger, Konrad"]
[Result "0-1"]
[WhiteElo "1645"]
[BlackElo "1624"]
[EventDate "2003.02.23"]
[PlyCount "74"]

1.f4 e6 2.Nf3 g6 3.e3 Bg7 4.d4 Ne7 5.Bd3 Nbc6 6.c3 a6 7.O-O b5 8.a3 Rb8 9.
Nbd2 O-O 10.Ne5 d6 11.Nxc6 Nxc6 12.Nf3 Qd7 13.e4 Qe7 14.e5 a5 15.Bd2 Rd8 
16.Qe1 d5 17.Ng5 h6 18.Nf3 b4 19.axb4 axb4 20.Qh4 Qxh4 21.Nxh4 bxc3 22.
Bxc3 Bd7 23.Rf2 Bf8 24.Nf3 Nb4 25.Bf1 c5 26.Rd2 Rdc8 27.g3 cxd4 28.Nxd4 
Bc5 29.Kg2 Bxd4 30.Rxd4 Nc2 31.Ra7 Nxd4 32.Rxd7 Nf5 33.Ba6 Re8 34.Rb7 d4 
35.Bd2 Rxb7 36.Bxb7 Rb8 37.g4 Rxb7 0-1

[Event "EU-chT Seniors 05th"]
[Site "Dresden"]
[Date "2003.03.01"]
[Round "7.4"]
[White "Keller, Lothar"]
[Black "Munro, Donald"]
[Result "1-0"]
[WhiteElo "2016"]
[BlackElo "1884"]
[EventDate "2003.02.23"]
[PlyCount "97"]

1.e4 d5 2.exd5 Qxd5 3.Nc3 Qa5 4.d4 Nf6 5.Nf3 c6 6.Bc4 Bf5 7.Bd2 e6 8.Nd5 
Qd8 9.Nxf6+ gxf6 10.c3 Nd7 11.Qe2 Nb6 12.Bb3 Bd6 13.Nh4 Bg6 14.f4 f5 15.g3
Be7 16.Nxg6 hxg6 17.O-O-O Qd7 18.h4 Rh5 19.Rhe1 Nd5 20.c4 Nf6 21.Bc3 Ne4 
22.Qe3 O-O-O 23.Bc2 Nxc3 24.bxc3 Qd6 25.Bb3 Qa3+ 26.Kc2 Rhh8 27.Qc1 Qxc1+ 
28.Kxc1 Bf6 29.Kc2 Rd6 30.d5 c5 31.Rd3 Re8 32.Rde3 Red8 33.a4 exd5 34.cxd5
Kc7 35.Kd3 Kc8 36.R1e2 Kc7 37.Rh2 Rh8 38.Kc4 b6 39.a5 Rhd8 40.Rd2 Rb8 41.
Ba4 Rbd8 42.Be8 Re6 43.dxe6 Rxd2 44.exf7 Bg7 45.axb6+ axb6 46.Bb5 Rg2 47.
Kd5 Rd2+ 48.Ke6 Bf8 49.Kf6 1-0

[Event "EU-chT Seniors 05th"]
[Site "Dresden"]
[Date "2003.03.01"]
[Round "7.4"]
[White "Krueger, Erich"]
[Black "Monte, Peter"]
[Result "1-0"]
[WhiteElo "2234"]
[BlackElo "2114"]
[EventDate "2003.02.23"]
[PlyCount "79"]

{SCHACH-Magazin64 05/2003} 
1.d4 e6 2.Nf3 f5 3.g3 Nf6 4.Bg2 Be7 5.O-O O-O 6.c4 Ne4 7.Nbd2 d5 8.Ne5 c5 
9.cxd5 exd5 10.dxc5 Na6 11.c6 Bf6 12.Nxe4 fxe4 {Die meisten Spieler wären 
in dieser Stellung, in der es gilt, den Springer e5 zu retten, entweder 
auf die Idee} 13.Nd7 $1 {"Ja, das geht auch", m@h", chte man zunächst 
murmeln, bis ein Licht aufgeht: das ist ein Riesenzug, der nicht nur den 
Springer rettet, sondern forciert die Qualität gewinnt!} 
    ( 13.f4 {verfallen} )
    ( {oder auf die etwas raffinierte Folge} 13.cxb7 {sichert das Feld g4}
    13...Bxb7 14.Ng4 {,und Weiss steht etwas besser. Die L@ sung des 
    pensionierten Staatsanwalts aus Bochum, der seit Jahren für die 
    Sportfreunde Katernberg spielt, ist jedoch viel besser.} )
13...bxc6 
    ( {Das nahe liegende} 13...Bxd7 {führt nämlich zu einem klaren 
    Nachteil für Schwarz} 14.Qxd5+ Rf7 
        ( {Nach} 14...Kh8 15.cxd7 Nc7 16.Qxb7 Rb8 17.Qxa7 {bekommt Weiss 
        für die Qualität vier Bauern!} )
    15.cxd7 Qxd7 16.Bxe4 Nb4 17.Qb3 Qe7 18.f3 Kh8 19.Bd2 Nc6 20.e3 {,und 
    Weiss besitzt zwei gesunde Mehrbauern. In der Partie gab der 
    Nachziehende die Qualität her, was wohl das etwas kleinere Übel war, 
    dennoch konnte er auf Dauer die schlecht stehende Partie nicht halten.
    } )
14.Nxf8 Qxf8 15.Qa4 Qe8 16.Rb1 Nc5 17.Qa5 Nb7 18.Qd2 Nd6 19.b3 Bf5 20.e3 
Nf7 21.Bb2 Ne5 22.Bxe5 Bxe5 23.Rbc1 Rd8 24.Qc2 Rd6 25.Qc5 Qd7 26.f3 exf3 
27.Rxf3 Rf6 28.g4 $1 Bd6 
    ( 28...Bxg4 29.Rxf6 gxf6 30.Qxc6 $18 )
29.Qc3 Be4 30.Rxf6 gxf6 31.Bxe4 dxe4 32.Qc4+ Kg7 33.Kh1 
    ( {Weiss weicht der M@ glichkeit} 33.Qxe4 Bxh2+ {aus - Idee} 34.Kxh2 
    Qd2+ {- und schützt zugleich indirekt den Bauern g4} )
33...Be5 
    ( 33...Qxg4 $4 34.Rg1 )
34.Qc2 Kh6 35.Qg2 Qd3 36.g5+ Kh5 
    ( {Auch nach} 36...fxg5 37.Rxc6+ {behält Weiss einen grossen Vorteil, 
    die Gewinnführung wäre in diesem Fall nicht ganz einfach gewesen. Nach
    dem Partiezug wird zu einer Jagd auf den schwarzen K@warzen nig das 
    Halali geblasen.} )
37.Qh3+ Kg6 38.Qh6+ Kf5 39.Qxh7+ Kg4 40.Rg1+ 1-0

[Event "EU-chT Seniors 05th"]
[Site "Dresden"]
[Date "2003.03.01"]
[Round "7.4"]
[White "Kupper, Josef"]
[Black "Schwier, Manfred"]
[Result "1/2-1/2"]
[WhiteElo "2380"]
[BlackElo "2070"]
[EventDate "2003.02.23"]
[PlyCount "40"]

1.e4 d5 2.exd5 Qxd5 3.Nc3 Qa5 4.d4 c6 5.Nf3 Bf5 6.Bc4 e6 7.O-O Be7 8.Re1 
Nd7 9.Bf4 Ngf6 10.Ne5 O-O 11.a3 Qd8 12.Bd3 Bxd3 13.Qxd3 Nd5 14.Bg3 Nxc3 
15.Qxc3 Nxe5 16.Bxe5 Bf6 17.Rad1 Qe7 18.Qg3 Bxe5 19.Qxe5 Rfd8 20.Rd3 Rd5 
1/2-1/2

[Event "EU-chT Seniors 05th"]
[Site "Dresden"]
[Date "2003.03.01"]
[Round "7.4"]
[White "Lewicki, Wieslaw"]
[Black "Haug, Kjell Martin"]
[Result "1/2-1/2"]
[WhiteElo "2000"]
[BlackElo "1817"]
[EventDate "2003.02.23"]
[PlyCount "31"]

1.e4 Nf6 2.e5 Nd5 3.d4 d6 4.c4 Nb6 5.exd6 cxd6 6.a3 e6 7.Nf3 Be7 8.Bd3 
N8d7 9.O-O O-O 10.a4 Nf6 11.a5 Nbd7 12.Nc3 Re8 13.Qc2 Nf8 14.Re1 Ng6 15.
Ng5 Bf8 16.Be2 1/2-1/2

[Event "EU-chT Seniors 05th"]
[Site "Dresden"]
[Date "2003.03.01"]
[Round "7.4"]
[White "Prelovskij, Rudolf"]
[Black "Winiwarter, Felix"]
[Result "1-0"]
[WhiteElo "2171"]
[BlackElo "2185"]
[EventDate "2003.02.23"]
[PlyCount "156"]

1.c4 Nf6 2.Nc3 g6 3.d4 Bg7 4.e4 d6 5.f3 O-O 6.Bg5 h6 7.Be3 e5 8.Nge2 c6 9.
Qd2 Kh7 10.d5 c5 11.g4 a6 12.Ng3 Ne8 13.h4 Nc7 14.Bd3 b5 15.b3 b4 16.Nd1 
Ne8 17.a3 bxa3 18.Rxa3 Qb6 19.h5 g5 20.O-O Bf6 21.Nf2 Nd7 22.Rfa1 Rb8 23.
Bc2 Bd8 24.Nd3 Qc7 25.Qc3 Ndf6 26.Bd1 Qb7 27.Kg2 a5 28.Qc1 Rg8 29.Bd2 Ng7 
30.Bc3 Qd7 31.Nf2 Rb4 32.Qe3 Bb7 33.Nd3 Bb6 34.Bxb4 cxb4 35.Ra4 Qc7 36.Nf2
Nd7 37.Qd2 f6 38.Nd3 Rb8 39.Bc2 Qd8 40.Ne2 Kg8 41.Nf2 Qe7 42.Qd3 Ne8 43.
Ng3 Ng7 44.Nd1 Qf8 45.Ne3 Bc7 46.Qd2 Bb6 47.Bd3 Bc7 48.Nc2 Bb6 49.Nh1 Bc7 
50.Nf2 Bb6 51.Be2 Qe7 52.Nd3 Kh7 53.Qe1 Qd8 54.R4a2 Qe7 55.Nb2 Qd8 56.Na4 
Bc7 57.Qd2 Qe7 58.Nb2 Bb6 59.Nd3 Qd8 60.Ra4 Qc7 61.Rf1 Qd8 62.Nf2 Qe7 63.
Ne1 Qd8 64.Nh3 Qe7 65.Bd3 Kg8 66.Bb1 Nf8 67.Ra2 Bc8 68.Kh2 Qd7 69.Nf2 Qe7 
70.Ng2 Qf7 71.Kg1 Qe7 72.Ne3 Qe8 73.Bc2 Qe7 74.Bd1 Ne8 75.Qd3 Ng7 76.Re2 
Kh7 77.Rfe1 Bd7 78.Qd2 Ne8 1-0

[Event "EU-chT Seniors 05th"]
[Site "Dresden"]
[Date "2003.03.01"]
[Round "7.4"]
[White "Reinholz, Siegfried"]
[Black "Barnstedt, Dietrich"]
[Result "1-0"]
[WhiteElo "1901"]
[BlackElo "2154"]
[EventDate "2003.02.23"]
[PlyCount "81"]

1.e4 c5 2.Nf3 Nf6 3.Nc3 d5 4.Bb5+ Bd7 5.Bxd7+ Qxd7 6.exd5 Nxd5 7.Nxd5 Qxd5
8.d4 e6 9.Be3 cxd4 10.Qxd4 Qb5 11.O-O-O Na6 12.a4 Qc6 13.Ne5 Qc7 14.Rhe1 
Bc5 15.Qd7+ Qxd7 16.Rxd7 Bxe3+ 17.Rxe3 f6 18.Rxg7 fxe5 19.Rxe5 O-O-O 20.
Rxe6 Rd7 21.Ree7 Rhd8 22.Rxd7 Rxd7 23.Rg4 Kc7 24.Rc4+ Kd6 25.f4 Kd5 26.Rc3
Ke4 27.Rc4+ Rd4 28.Rxd4+ Kxd4 29.Kd2 Ke4 30.g3 Kf3 31.a5 Kg2 32.f5 Kxh2 
33.g4 h6 34.f6 Nb8 35.f7 Nd7 36.c4 Kg3 37.b4 Kf4 38.a6 b6 39.c5 bxc5 40.
bxc5 Nf8 41.c6 1-0

[Event "EU-chT Seniors 05th"]
[Site "Dresden"]
[Date "2003.03.01"]
[Round "7.4"]
[White "Siegmund, Rainer"]
[Black "Kneschke, Hansjuergen"]
[Result "1/2-1/2"]
[WhiteElo "2111"]
[BlackElo "1940"]
[EventDate "2003.02.23"]
[PlyCount "20"]

1.d4 Nf6 2.c4 g6 3.Nc3 d5 4.Nf3 Bg7 5.Bg5 Ne4 6.Bh4 Nxc3 7.bxc3 c5 8.cxd5 
Qxd5 9.e3 cxd4 10.cxd4 Nc6 1/2-1/2

[Event "EU-chT Seniors 05th"]
[Site "Dresden"]
[Date "2003.03.01"]
[Round "7.4"]
[White "Titz, Herbert"]
[Black "Zunker, Reinhard"]
[Result "1/2-1/2"]
[WhiteElo "2086"]
[BlackElo "2194"]
[EventDate "2003.02.23"]
[PlyCount "41"]

1.d4 g6 2.c4 Bg7 3.Nc3 d6 4.e4 Nf6 5.Nf3 O-O 6.Be2 Nc6 7.Bg5 h6 8.Bf4 Nh5 
9.Be3 e5 10.dxe5 dxe5 11.O-O Nd4 12.Qd2 Nxe2+ 13.Nxe2 Qxd2 14.Nxd2 f5 15.
f3 Rd8 16.Rfd1 Be6 17.b3 Rd3 18.Nf1 Rxd1 19.Rxd1 Kf7 20.Nc3 Bf8 21.Nb5 
1/2-1/2

[Event "EU-chT Seniors 05th"]
[Site "Dresden"]
[Date "2003.03.01"]
[Round "7.4"]
[White "Wheeler, John Francis"]
[Black "Ofstad, Per"]
[Result "1/2-1/2"]
[WhiteElo "2208"]
[BlackElo "2210"]
[EventDate "2003.02.23"]
[PlyCount "24"]

1.d4 d5 2.c4 c6 3.Nf3 Nf6 4.Nc3 e6 5.Bg5 Nbd7 6.e3 Be7 7.Rc1 O-O 8.Bd3 a6 
9.a3 Re8 10.O-O dxc4 11.Bxc4 Nd5 12.Bxe7 Qxe7 1/2-1/2